Antisemitismus im Religionsunterricht entgegenwirken
| Main Author: | |
|---|---|
| Format: | Print Article |
| Language: | German |
| Check availability: | HBZ Gateway |
| Interlibrary Loan: | Interlibrary Loan for the Fachinformationsdienste (Specialized Information Services in Germany) |
| Published: |
2024
|
| In: |
Auge
Year: 2024, Volume: 73, Issue: 2, Pages: 120-122 |
| Standardized Subjects / Keyword chains: | B
Evangelische Kirche A. und H.B. in Österreich
/ Antisemitism
/ Religious instruction
|
| RelBib Classification: | BH Judaism CC Christianity and Non-Christian religion; Inter-religious relations KBB German language area KDD Protestant Church RF Christian education; catechetics |
MARC
| LEADER | 00000caa a22000002c 4500 | ||
|---|---|---|---|
| 001 | 1896027873 | ||
| 003 | DE-627 | ||
| 005 | 20251215160924.0 | ||
| 007 | tu | ||
| 008 | 240723s2024 xx ||||| 00| ||ger c | ||
| 035 | |a (DE-627)1896027873 | ||
| 035 | |a (DE-599)KXP1896027873 | ||
| 040 | |a DE-627 |b ger |c DE-627 |e rda | ||
| 041 | |a ger | ||
| 084 | |a 0 |a 1 |2 ssgn | ||
| 100 | 1 | |e VerfasserIn |0 (DE-588)1077045646 |0 (DE-627)835864006 |0 (DE-576)445887311 |4 aut |a Spichal, Julia | |
| 109 | |a Spichal, Julia | ||
| 245 | 1 | 0 | |a Antisemitismus im Religionsunterricht entgegenwirken |
| 264 | 1 | |c 2024 | |
| 336 | |a Text |b txt |2 rdacontent | ||
| 337 | |a ohne Hilfsmittel zu benutzen |b n |2 rdamedia | ||
| 338 | |a Band |b nc |2 rdacarrier | ||
| 652 | |a BH:CC:KBB:KDD:RF | ||
| 689 | 0 | 0 | |d b |0 (DE-588)18564-4 |0 (DE-627)100572405 |0 (DE-576)19027137X |2 gnd |a Evangelische Kirche A. und H.B. in Österreich |
| 689 | 0 | 1 | |d s |0 (DE-588)4002333-3 |0 (DE-627)10639374X |0 (DE-576)208846603 |2 gnd |a Antisemitismus |
| 689 | 0 | 2 | |d s |0 (DE-588)4049422-6 |0 (DE-627)106187074 |0 (DE-576)209081996 |2 gnd |a Religionsunterricht |
| 689 | 0 | |5 (DE-627) | |
| 773 | 0 | 8 | |i Enthalten in |t Auge |d Wien : Evangelische Kirche A. B. in Österreich, 2021 |g 73(2024), 2, Seite 120-122 |h Bände |w (DE-627)1767942133 |w (DE-600)3091576-4 |x 1680-4015 |7 nnas |
| 773 | 1 | 8 | |g volume:73 |g year:2024 |g number:2 |g pages:120-122 |
| 935 | |a mteo | ||
| 951 | |a AR | ||
| ELC | |b 1 | ||
| ITA | |a 1 |t 1 | ||
| LOK | |0 000 xxxxxcx a22 zn 4500 | ||
| LOK | |0 001 4555682297 | ||
| LOK | |0 003 DE-627 | ||
| LOK | |0 004 1896027873 | ||
| LOK | |0 005 20240805153936 | ||
| LOK | |0 008 240723||||||||||||||||ger||||||| | ||
| LOK | |0 035 |a (DE-Tue135)1767942133_73_2024_2_120 | ||
| LOK | |0 040 |a DE-Tue135 |c DE-627 |d DE-Tue135 | ||
| LOK | |0 092 |o n | ||
| LOK | |0 852 |a DE-Tue135 | ||
| LOK | |0 852 1 |9 00 | ||
| LOK | |0 935 |a imwa |a ixzs | ||
| LOK | |0 936ln |0 1442044721 |a KBB | ||
| LOK | |0 936ln |0 1442050047 |a KDD | ||
| LOK | |0 936ln |0 1442043806 |a CC | ||
| LOK | |0 936ln |0 1442043520 |a BH | ||
| LOK | |0 936ln |0 1442053151 |a RF | ||
| LOK | |0 939 |a 23-07-24 |b l01 | ||
| ORI | |a SA-MARC-ixtheoa001.raw | ||
| REL | |a 1 | ||
| STA | 0 | 0 | |a Antisemitism,Antisemitism,Antisemitism in art,Religious instruction,Religious didactics,Religion teaching,Religion |
| STB | 0 | 0 | |a Antisémitisme,Antisémitisme,Enseignement de la religion |
| STC | 0 | 0 | |a Antisemitismo,Antisemitismo,Enseñanza religiosa |
| STD | 0 | 0 | |a Antisemitismo,Antisemitismo,Insegnamento della religione,Lezione di religione,Religione (materia),Lezione di religione,Religione |
| STE | 0 | 0 | |a 反犹太主义,反犹太主义,宗教课程,宗教课,宗教教学 |
| STF | 0 | 0 | |a 反猶太主義,反猶太主義,宗教課程,宗教課,宗教教學 |
| STG | 0 | 0 | |a Antissemitismo,Antissemitismo,Ensino religioso |
| STH | 0 | 0 | |a Антисемитизм (мотив),Антисемитизм,Преподавание религии |
| STI | 0 | 0 | |a Αντισημιτισμός (μοτίβο),Αντισημιτισμός,Θρησκευτικά (μάθημα) |
| SUB | |a REL | ||
| SYG | 0 | 0 | |a Evangelische Kirche Augsburgischen und Helvetischen Bekenntnisses in Österreich,Evangelische Kirche A.u.H.B. in Österreich,Evangelische Kirche AuHB in Österreich,Evangelische Kirche A. u. H.B. in Österreich,Evangelische Kirche in Österreich,Evangelical Church in Austria , Judenfeindschaft,Judenhass,Judenfeindschaft,Judenhass , Glaubensunterweisung,Religionsdidaktik,Religionslehre |



